Normal view
MARC view
- Estadística
Entry Materia
Number of records used in: 135
001 - NÚMERO DE CONTROL DEL REGISTRO
- campo de control: 2988
003 - IDENTIFICADOR DE NUMERO DE CONTROL
- campo de control: MX-MxUPN
005 - FECHA Y HORA DE LA ÚLTIMA TRANSACCIÓN
- campo de control: 20240807101314.0
008 - DATOS DE LONGITUD FIJA
- campo de control de longitud fija: 240807n| acnnnbabn | ana |d
035 ## - NÚMERO DE CONTROL DEL SISTEMA
- Número de control del sistema: UPN10000002988
040 ## - FUENTE DE LA CATALOGACIÓN
- Centro catalogador de origen: MX-MxUPN
- Lengua de catalogación: spa
- Agencia de transcripción: MX-MxUPN
046 ## - FECHAS CON CODIFICACIÓN ESPECIAL
- Fecha final para contenidos agregados: 220622
150 ## - ENCABEZAMIENTO - TEMÁTICO
- Término de materia o nombre geográfico como elemento inicial: Estadística
360 ## - REFERENCIA COMPLEJA DE VÉASE ADEMÁS - MATERIA
- Texto explicativo: Bajo encabezamentos específicos. Ej.:
- Encabezamiento al que se remite: AGRICULTURA - ESTADISTICA ; EPIDEMIAS - ESTADISTICA
- Texto explicativo: y subdivisiones de
- Encabezamiento al que se remite: ESTADISTICA ; ESTADISTICA MEDICA ; ESTADISTICA VITAL
- Texto explicativo: bajo nombres de países, ciudades, etc.
670 ## - FUENTE EN LA QUE SE LOCALIZARON DATOS
- Cita de la fuente: E
902 ## - CATALOGADOR
- Catalogador: CAA/100306
